000 00556nam a2200181 a 4500
001 000021543
005 20200930011348.0
008 100908s1991 cu r 000 f spa d
040 _aDO-SdBNP
_bspa
_cBNPHU
082 _aC863.44
_bO39m
100 1 _aOjeda Gómez, Carlos,
_d1950-
_944911
245 1 0 _aMientras llega la hora /
_cCarlos Ojeda Gómez.
260 _aLa Habana, Cuba :
_bCapitán San Luis,
_c1991.
300 _a190, [2] p. ;
_c18 cm.
650 4 _aNovela colmbiana
_944912
650 4 _aLiteratura colombiana
_ySIGLO XX
_914409
049 _aBNGR
999 _c21042
_d21042